[Event "ICS rated blitz match"]
[Site "204.178.125.65"]
[Date "2001.09.07"]
[Round "?"]
[White "LinuxKnight"]
[Black "Hossa"]
[Result "1-0"]
[WhiteElo "2854"]
[BlackElo "2600"]
[PlyCount "106"]
[EventDate "2001.??.??"]

1. Nc3 d5 2. d4 Bf5 3. f3 Nf6 4. g4 Bc8 5. g5 Ng8 6. e4 e6 7. Bf4 Nc6 8. exd5
exd5 9. Qe2+ Be6 10. O-O-O Bd6 11. Nxd5 Nge7 12. Bxd6 Nxd5 13. Bg3 Qxg5+ 14. f4
Qh6 15. c4 Nxf4 16. Qd2 g5 17. d5 O-O-O 18. Nf3 Bxd5 19. cxd5 Rxd5 20. Qc3
Rxd1+ 21. Kxd1 Rd8+ 22. Kc1 g4 23. Nd2 Nd4 24. Bxf4 Qxf4 25. Bd3 h5 26. Rf1
Qxh2 27. Rxf7 h4 28. Kb1 Nc6 29. Nf1 Qd6 30. Bf5+ Kb8 31. Ne3 g3 32. Rg7 Qf4
33. Bd7 Qe4+ 34. Kc1 Ne7 35. Bf5 Qh1+ 36. Kc2 Qh2+ 37. Kb3 Nc6 38. Be4 Qe2 39.
a3 a5 40. Ka2 Re8 41. Bxc6 bxc6 42. Qxc6 Rc8 43. Rg5 Qxe3 44. Rb5+ Qb6 45.
Rxb6+ cxb6 46. Qxb6+ Ka8 47. Qxa5+ Kb7 48. Qb4+ Ka6 49. Qxh4 Rc5 50. Qxg3 Rc6
51. Qd3+ Kb6 52. Qd4+ Kc7 53. Qc3 Kd6 {Hossa resigns} 1-0

[Event "ICS rated blitz match"]
[Site "204.178.125.65"]
[Date "2001.09.07"]
[Round "?"]
[White "Hossa"]
[Black "Y-ElGhazali"]
[Result "1-0"]
[WhiteElo "2594"]
[BlackElo "2045"]
[PlyCount "39"]
[EventDate "2001.??.??"]

1. e4 d5 2. exd5 Nf6 3. d4 Nxd5 4. c4 Nf6 5. Nf3 Bg4 6. Be2 e6 7. O-O Be7 8.
Be3 O-O 9. h3 Bxf3 10. Bxf3 c6 11. Nc3 Na6 12. Ne4 Qc7 13. Re1 Rad8 14. Qe2 Rd7
15. g3 Rfd8 16. Bg2 b6 17. Nxf6+ Bxf6 18. d5 cxd5 19. cxd5 e5 20. Qxa6 {
Y-ElGhazali resigns} 1-0

[Event "ICS rated blitz match"]
[Site "204.178.125.65"]
[Date "2001.09.07"]
[Round "?"]
[White "Y-ElGhazali"]
[Black "Hossa"]
[Result "0-1"]
[WhiteElo "2044"]
[BlackElo "2595"]
[PlyCount "34"]
[EventDate "2001.??.??"]

1. e4 e5 2. Nf3 Nc6 3. d4 exd4 4. Bc4 Nf6 5. O-O Nxe4 6. Re1 d5 7. Nxd4 dxc4 8.
Rxe4+ Be6 9. c3 Qd7 10. Qe1 Nxd4 11. Rxd4 Qc6 12. Nd2 Bc5 13. Rxc4 O-O-O 14.
Re4 Bd5 15. Rg4 Qf6 16. Nb3 Bxb3 17. axb3 Qxf2+ {Y-ElGhazali resigns} 0-1

[Event "ICS rated blitz match"]
[Site "204.178.125.65"]
[Date "2001.09.07"]
[Round "?"]
[White "Hossa"]
[Black "Y-ElGhazali"]
[Result "1-0"]
[WhiteElo "2596"]
[BlackElo "2043"]
[PlyCount "97"]
[EventDate "2001.??.??"]

1. e4 d5 2. exd5 Nf6 3. d4 Qxd5 4. Nc3 Qd8 5. Nf3 Bg4 6. Be2 e6 7. O-O Be7 8.
h3 Bh5 9. Be3 O-O 10. Ne5 Bxe2 11. Qxe2 Nbd7 12. Bf4 Nxe5 13. Bxe5 Bd6 14. Rfe1
Bxe5 15. Qxe5 Qd6 16. Qxd6 cxd6 17. Kf1 a6 18. Ke2 b5 19. Kd3 d5 20. a3 Rac8
21. f3 Rc4 22. g4 h6 23. a4 b4 24. Ne4 Nxe4 25. fxe4 Rfc8 26. exd5 exd5 27. Re2
Kf8 28. a5 g6 29. Rf1 Re8 30. Rxe8+ Kxe8 31. Rf6 Kd7 32. Rxf7+ Ke6 33. Rb7 Kd6
34. Rg7 g5 35. Rg6+ Kc7 36. Rxa6 Rc6 37. Rxc6+ Kxc6 38. c3 b3 39. c4 Kd6 40. a6
Kc7 41. cxd5 Kb6 42. d6 Kxa6 43. d7 Kb7 44. d8=Q h5 45. Qd7+ Kb6 46. Kc4 hxg4
47. hxg4 Ka6 48. Kc5 Ka5 49. Qb5# {Y-ElGhazali checkmated} 1-0

[Event "ICS rated blitz match"]
[Site "204.178.125.65"]
[Date "2001.09.07"]
[Round "?"]
[White "Hossa"]
[Black "Interceptor"]
[Result "0-1"]
[WhiteElo "2614"]
[BlackElo "2872"]
[PlyCount "85"]
[EventDate "2001.??.??"]

1. e4 c5 2. Nf3 d6 3. Bb5+ Bd7 4. Bxd7+ Qxd7 5. O-O Nc6 6. c3 Nf6 7. d4 Nxe4 8.
d5 Ne5 9. Re1 Nxf3+ 10. Qxf3 Nf6 11. c4 e5 12. dxe6 fxe6 13. Bg5 Be7 14. Nc3 h6
15. Bh4 O-O 16. Qh3 Kf7 17. f4 Rad8 18. Rad1 Rh8 19. Qf3 Rhe8 20. Bxf6 Bxf6 21.
Re2 Qc6 22. Qh5+ g6 23. Qh3 Bg7 24. Rde1 d5 25. f5 exf5 26. Nxd5 Rxe2 27. Rxe2
Re8 28. Rd2 Re1+ 29. Kf2 Ra1 30. Qb3 Bd4+ 31. Kg3 g5 32. Kh3 Rf1 33. Rxd4 cxd4
34. c5 Rc1 35. g4 fxg4+ 36. Kg3 Kg7 37. Kf2 Qa6 38. Ne3 dxe3+ 39. Kxe3 Re1+ 40.
Kd2 Qe2+ 41. Kc3 Qf3+ 42. Kb4 Qxb3+ 43. Kxb3 {Hossa resigns} 0-1

[Event "ICS rated blitz match"]
[Site "204.178.125.65"]
[Date "2001.09.07"]
[Round "?"]
[White "Amateur"]
[Black "Hossa"]
[Result "1-0"]
[WhiteElo "2490"]
[BlackElo "2608"]
[PlyCount "133"]
[EventDate "2001.??.??"]

1. e4 e5 2. Nf3 Nc6 3. Bc4 Nf6 4. Ng5 Bc5 5. Nxf7 Qe7 6. Nxh8 Bxf2+ 7. Kf1 Bb6
8. d3 Qc5 9. Bf7+ Kd8 10. Qe2 Qf8 11. Bg5 Qxh8 12. Qh5 Ne7 13. Bxf6 gxf6 14.
Qh6 d6 15. Nd2 f5 16. a4 a6 17. Nc4 Bc5 18. Nd2 Bb6 19. a5 Bd4 20. c3 Ba7 21.
b4 fxe4 22. Nxe4 Bf5 23. Be6 Bxe4 24. dxe4 Ng6 25. Qg5+ Ke8 26. Bd5 c6 27. Be6
Qf8+ 28. Qf5 Ke7 29. Qxf8+ Rxf8+ 30. Bf5 Nh4 31. g4 h5 32. Ke2 hxg4 33. Bxg4
Rf2+ 34. Kd3 Ng2 35. Raf1 Nf4+ 36. Kc4 Rb2 37. Bf3 Ke6 38. Rb1 Rxb1 39. Bg4+
Ke7 40. Rxb1 d5+ 41. exd5 cxd5+ 42. Kb3 Kd6 43. h4 Be3 44. h5 Ne6 45. Rf1 Ke7
46. Rf5 Bf4 47. h6 Ng5 48. Bh5 Ke6 49. Bg6 Be3 50. h7 Nxh7 51. Bxh7 Kd6 52. Rf7
e4 53. Bg8 d4 54. Rxb7 d3 55. Bc4 d2 56. Kc2 Bf4 57. Bxa6 e3 58. Be2 Be5 59. a6
Bxc3 60. Kxc3 Kd5 61. a7 Ke6 62. Kd4 Kf5 63. a8=Q d1=Q+ 64. Bxd1 Kg5 65. Rg7+
Kf5 66. Kd5 e2 67. Qf8# {Hossa checkmated} 1-0

[Event "ICS rated standard match"]
[Site "204.178.125.65"]
[Date "2001.09.07"]
[Round "?"]
[White "HangerOn"]
[Black "Hossa"]
[Result "1-0"]
[WhiteElo "2496"]
[BlackElo "2270"]
[PlyCount "122"]
[EventDate "2001.??.??"]

1. c4 e6 2. Nc3 d5 3. d4 Be7 4. cxd5 exd5 5. Bf4 Nf6 6. e3 Bf5 7. Qb3 Nc6 8.
Qxb7 Nb4 9. Rc1 O-O 10. Qxc7 Qxc7 11. Bxc7 Rfc8 12. Bf4 Ne4 13. a3 Nxc3 14.
Rxc3 Rxc3 15. bxc3 Nc2+ 16. Kd2 Nxa3 17. Bd3 Bxd3 18. Kxd3 f5 19. f3 g5 20. Bg3
Rc8 21. h4 Nc4 22. hxg5 Bxg5 23. e4 fxe4+ 24. fxe4 Nb2+ 25. Kc2 Na4 26. Ne2
dxe4 27. Ra1 Nb6 28. Rxa7 Nc4 29. Bf4 Bh4 30. Kb3 e3 31. Rc7 Nd2+ 32. Kc2 Rxc7
33. Bxc7 Bf2 34. Kd3 Nf1 35. d5 Kf7 36. c4 Ke7 37. c5 Kd7 38. Ba5 Nd2 39. c6+
Kd6 40. Bb4+ Kc7 41. Nd4 Bg3 42. Nf5 e2 43. Kxe2 Ne4 44. Ba5+ Kb8 45. Kf3 Nf6
46. Kxg3 Nxd5 47. Kg4 Nf6+ 48. Kg5 Ne8 49. Kh6 Ka7 50. g4 Ka8 51. g5 Ka7 52.
Kxh7 Ka6 53. Bd8 Kb5 54. Ne7 Kb4 55. g6 Nd6 56. c7 Ne8 57. c8=Q Nd6 58. Nd5+
Kb5 59. Nc3+ Kb4 60. Ba5+ Kxa5 61. Qc6 Kb4 {Hossa resigns} 1-0

[Event "ICS rated blitz match"]
[Site "204.178.125.65"]
[Date "2001.09.07"]
[Round "?"]
[White "Tinker"]
[Black "Hossa"]
[Result "1-0"]
[WhiteElo "2400"]
[BlackElo "2587"]
[PlyCount "167"]
[EventDate "2001.??.??"]

1. e4 e5 2. Nf3 Nc6 3. Bb5 a6 4. Ba4 Nf6 5. d4 exd4 6. O-O Be7 7. Re1 b5 8. e5
Nxe5 9. Rxe5 d6 10. Re1 bxa4 11. Nxd4 Bd7 12. Qf3 O-O 13. Nc6 Bxc6 14. Qxc6 Re8
15. Nc3 Ng4 16. h3 Ne5 17. Qxa4 Bf6 18. Be3 d5 19. Rad1 c6 20. Bc1 Qc8 21. Qf4
Nc4 22. Qf3 Ra7 23. a4 Rae7 24. Rxe7 Rxe7 25. b3 Ne5 26. Qh5 Ng6 27. Nb1 Qe6
28. Qf3 Qe2 29. Qxe2 Rxe2 30. Na3 Ne7 31. Kf1 Re4 32. Nb1 Nf5 33. c3 g6 34. Bb2
Kg7 35. Nd2 Re8 36. Rb1 Rb8 37. b4 h6 38. Ke2 Re8+ 39. Kd3 Nd6 40. a5 Bg5 41.
Nf3 Nc4 42. Nxg5 hxg5 43. Ba1 f5 44. Rc1 Kf6 45. Rh1 Kf7 46. Rf1 Re6 47. Rd1
Ke7 48. Rh1 Re4 49. f3 Re3+ 50. Kd4 Kd6 51. Bb2 Re2 52. Bc1 Rxg2 53. h4 Rf2 54.
h5 Rxf3 55. hxg6 Nxa5 56. Be3 Nb3+ 57. Kd3 Ke6 58. Ke2 g4 59. Bg5 Rxc3 60. Rh8
Nd4+ 61. Kd2 Rg3 62. g7 Nf3+ 63. Ke2 Nd4+ 64. Kf2 Rf3+ 65. Kg2 f4 66. g8=Q+ Ke5
67. Qb8+ Ke4 68. Bxf4 Ne2 69. Qe5+ Kd3 70. Qf5+ Kc4 71. Qxg4 Nd4 72. Be5 Rd3
73. Rc8 Kxb4 74. Bxd4 Rd2+ 75. Bf2+ d4 76. Qf4 Rd3 77. Qc1 Rc3 78. Be1 Kb5 79.
Bxc3 dxc3 80. Qxc3 a5 81. Qxc6+ Kb4 82. Rb8+ Ka3 83. Qc3+ Ka4 84. Qa1# {
Hossa checkmated} 1-0

[Event "ICS rated blitz match"]
[Site "204.178.125.65"]
[Date "2001.09.07"]
[Round "?"]
[White "Hossa"]
[Black "Goteborg"]
[Result "0-1"]
[WhiteElo "2563"]
[BlackElo "2648"]
[PlyCount "101"]
[EventDate "2001.??.??"]

1. e4 d5 2. exd5 Qxd5 3. Nf3 Nc6 4. Nc3 Qd6 5. d4 Bf5 6. Nb5 Qd7 7. Bf4 Rc8 8.
Bc4 e6 9. O-O a6 10. Nc3 b5 11. Bb3 b4 12. Ne2 Nge7 13. Bc4 Ra8 14. Nh4 Na5 15.
Nxf5 Nxc4 16. Ne3 Nb6 17. Ng4 Nc6 18. Ne5 Nxe5 19. Bxe5 Nc4 20. Qc1 Qb5 21.
Bxc7 Rc8 22. Bf4 Nxb2 23. Qxb2 Qxe2 24. Rac1 Qe4 25. Be5 Rc4 26. Rfe1 Qd5 27.
Rcd1 Be7 28. Bxg7 Rg8 29. Re5 Qa8 30. d5 Rxg7 31. g3 Kf8 32. Ree1 Qc8 33. d6
Bd8 34. d7 Qc5 35. Rd2 Kg8 36. Re5 Qc7 37. Re3 Rg5 38. Red3 Rgc5 39. Re2 Qc6
40. Qb3 Rxc2 41. Rxc2 Rxc2 42. Rd4 Rc3 43. Rg4+ Kh8 44. Qb2 f6 45. Rd4 Rc1+ 46.
Qxc1 Qxc1+ 47. Kg2 Qb2 48. Re4 Qxa2 49. Rxb4 Qd5+ 50. Kf1 a5 51. Rf4 {
Hossa resigns} 0-1

[Event "ICS rated standard match"]
[Site "204.178.125.65"]
[Date "2001.09.07"]
[Round "?"]
[White "Hossa"]
[Black "BrazilianMaster"]
[Result "1/2-1/2"]
[WhiteElo "2263"]
[BlackElo "2535"]
[PlyCount "79"]
[EventDate "2001.??.??"]

1. e4 c5 2. Nf3 Nc6 3. Bb5 g6 4. O-O Bg7 5. Bxc6 bxc6 6. d3 d5 7. Qe2 Rb8 8. c3
Qc7 9. Re1 Ba6 10. b3 h5 11. e5 e6 12. Ba3 Bf8 13. Rf1 Nh6 14. c4 Be7 15. Nc3
g5 16. Na4 g4 17. Nd2 Qa5 18. Nb1 dxc4 19. dxc4 Nf5 20. Nbc3 O-O 21. Qe1 Rb4
22. Bxb4 cxb4 23. Nd1 Rd8 24. Ndb2 Bb7 25. Qe4 Rd4 26. Qe2 c5 27. Nd3 Rd8 28.
Rfd1 Nd4 29. Qd2 Qc7 30. Qh6 Ne2+ 31. Kf1 Nd4 32. Qxh5 Bxg2+ 33. Kxg2 Qb7+ 34.
Kg1 Ne2+ 35. Kf1 Qh1+ 36. Kxe2 Qe4+ 37. Kf1 Qh1+ 38. Ke2 Qe4+ 39. Kf1 Qh1+ 40.
Ke2 {Game drawn by repetition} 1/2-1/2

[Event "ICS rated standard match"]
[Site "204.178.125.65"]
[Date "2001.09.07"]
[Round "?"]
[White "BrazilianMaster"]
[Black "Hossa"]
[Result "1-0"]
[WhiteElo "2525"]
[BlackElo "2273"]
[PlyCount "76"]
[EventDate "2001.??.??"]

1. e4 c5 2. Nf3 d6 3. d4 cxd4 4. Nxd4 Nf6 5. Nc3 a6 6. Be3 g6 7. h3 Bg7 8. Qd2
O-O 9. g4 b5 10. Bg2 Bb7 11. O-O Qd7 12. Nd5 Nxd5 13. exd5 Qc7 14. Bh6 Bxh6 15.
Qxh6 Nd7 16. Rae1 Nf6 17. Qg5 Rfe8 18. Re3 Kh8 19. Rfe1 Qc5 20. Nb3 Qxc2 21.
R3e2 Qc8 22. Rxe7 Kg7 23. Nd4 h6 24. Qf4 Rxe7 25. Rxe7 g5 26. Nf5+ Kg6 27. Qd2
Rb8 28. Nxd6 Qf8 29. Qc2+ Kg7 30. Qc7 Bxd5 31. Bxd5 Nxd5 32. Rxf7+ Kg8 33.
Rxf8+ Rxf8 34. Qb7 Nf4 35. Nf5 Rxf5 36. gxf5 Nxh3+ 37. Kf1 Nf4 38. f6 Nh5 {
Hossa resigns} 1-0

[Event "ICS Rated blitz match"]
[Site "204.178.125.65"]
[Date "2001.09.07"]
[Round "?"]
[White "Valetta"]
[Black "Hossa"]
[Result "1-0"]
[WhiteElo "1933"]
[BlackElo "2551"]
[PlyCount "109"]
[EventDate "2001.??.??"]

1. e4 e5 2. Nf3 Nc6 3. Nc3 d6 4. Bb5 a6 5. Bxc6+ bxc6 6. d3 Be7 7. O-O Nf6 8.
Ne2 O-O 9. Ng3 Rb8 10. b3 Be6 11. Qe2 Ra8 12. Bb2 Bg4 13. h3 Bd7 14. Nh2 Ne8
15. f4 Bh4 16. Nh1 exf4 17. Rxf4 Qg5 18. Raf1 Be6 19. Bc1 Qe7 20. Nf3 g5 21.
Nxh4 gxf4 22. Rxf4 Ng7 23. Ng3 Rab8 24. Bb2 Qg5 25. Qf3 Qc5+ 26. Kh2 Qxc2 27.
Bxg7 Kxg7 28. Ngf5+ Bxf5 29. Nxf5+ Kh8 30. Rh4 Rfd8 31. Qh5 Qxg2+ 32. Kxg2 Rg8+
33. Kf3 Rg7 34. Nxg7 Kg8 35. Qh6 Kf8 36. Nf5+ Ke8 37. Rg4 Kd7 38. Qf6 c5 39.
Rg7 Kc6 40. Rxf7 h5 41. Qe7 Kb5 42. Qxc7 Rh8 43. h4 d5 44. Nd6+ Kb4 45. Qb6+
Kc3 46. Qxc5+ Kxd3 47. exd5 Rd8 48. Qc4+ Kd2 49. Re7 Rf8+ 50. Kg2 Kd1 51. Re2
Rg8+ 52. Kh2 Rg2+ 53. Rxg2 a5 54. Qc2+ Ke1 55. Qe2# {Hossa checkmated} 1-0

[Event "ICS rated blitz match"]
[Site "204.178.125.65"]
[Date "2001.09.07"]
[Round "?"]
[White "Hossa"]
[Black "Goteborg"]
[Result "0-1"]
[WhiteElo "2520"]
[BlackElo "2677"]
[PlyCount "100"]
[EventDate "2001.??.??"]

1. e4 e5 2. Nf3 Nc6 3. d4 exd4 4. Bc4 Bb4+ 5. Bd2 Bxd2+ 6. Qxd2 Nf6 7. e5 Ng4
8. Qf4 O-O 9. O-O d6 10. exd6 Qxd6 11. Qxd6 cxd6 12. Bb5 Nge5 13. Nbd2 Bf5 14.
Rfc1 Rae8 15. Nh4 Be6 16. Ne4 Rd8 17. f4 Ng6 18. Nxg6 fxg6 19. g3 Bf5 20. Nf2
a6 21. Ba4 Rde8 22. Rd1 b5 23. Bb3+ Be6 24. c3 Bc4 25. Bxc4+ bxc4 26. cxd4 g5
27. Nh3 Re2 28. b3 c3 29. Nxg5 c2 30. Rd3 Nb4 31. Rc3 Rd2 32. Rf1 Nxa2 33. Rc7
Re2 34. Ra1 Nb4 35. f5 Rxf5 36. Rf1 Rf8 37. h3 Nd3 38. Ra1 Ne1 39. Nf7 Nf3+ 40.
Kf1 Nxd4 41. Kg1 Rxf7 42. Rc8+ Rf8 43. Rc7 Rff2 44. Rc8+ Kf7 45. Rc3 Rg2+ 46.
Kh1 Rh2+ 47. Kg1 Reg2+ 48. Kf1 Rf2+ 49. Ke1 Re2+ 50. Kf1 Rh1# {Hossa checkmated
} 0-1

[Event "ICS rated blitz match"]
[Site "204.178.125.65"]
[Date "2001.09.07"]
[Round "?"]
[White "Goteborg"]
[Black "Hossa"]
[Result "1-0"]
[WhiteElo "2686"]
[BlackElo "2511"]
[PlyCount "106"]
[EventDate "2001.??.??"]

1. e4 d5 2. d4 dxe4 3. Nc3 Nf6 4. f3 exf3 5. Nxf3 e6 6. Bc4 Bd6 7. O-O O-O 8.
Nb5 Bd7 9. Nxd6 cxd6 10. Qe2 Bc6 11. Bd3 Nbd7 12. Bg5 Qc7 13. c4 Qb6 14. Be3
Be4 15. b3 Bxd3 16. Qxd3 Qc6 17. Rae1 d5 18. Bf4 Ne4 19. cxd5 exd5 20. Rc1 Qb6
21. Rc7 Ndf6 22. Rfc1 Ng4 23. h3 Ngf2 24. Qe3 Qb5 25. Ne1 Rae8 26. R7c2 Re6 27.
Rxf2 Nxf2 28. Qxf2 Rfe8 29. Nf3 Re2 30. Qf1 Qa6 31. a4 Qd3 32. Rc7 Qe4 33. Bg3
Re7 34. Rxe7 Qxe7 35. Be5 Rb2 36. Qb5 Rc2 37. Qxd5 Rc1+ 38. Kh2 Rc6 39. Bf4 Rb6
40. Nd2 h6 41. Qf5 Qd8 42. d5 Ra6 43. Nc4 g5 44. Be5 Qxd5 45. Qc8+ Kh7 46. Qh8+
Kg6 47. Qg7+ Kf5 48. Ne3+ Ke4 49. Nxd5 Kxd5 50. Bb8 Ke6 51. Qxh6+ f6 52. Qf8
Kf5 53. Qe8 Re6 {Hossa resigns} 1-0

[Event "ICS rated standard match"]
[Site "204.178.125.65"]
[Date "2001.09.07"]
[Round "?"]
[White "Hossa"]
[Black "BrazilianMaster"]
[Result "0-1"]
[WhiteElo "2267"]
[BlackElo "2532"]
[PlyCount "116"]
[EventDate "2001.??.??"]

1. e4 e5 2. Nf3 Nc6 3. Bb5 a6 4. Ba4 Nf6 5. O-O Be7 6. Bxc6 dxc6 7. Nc3 Bg4 8.
h3 Bh5 9. Qe2 Nd7 10. g4 Bg6 11. d4 exd4 12. Nxd4 h5 13. Bf4 hxg4 14. hxg4 Bd6
15. e5 Bc5 16. e6 Bxd4 17. exd7+ Kf8 18. Kg2 Qxd7 19. f3 Re8 20. Qd2 c5 21. Rh1
Rh7 22. Rxh7 Bxh7 23. Rh1 Kg8 24. Ne2 Qb5 25. Nxd4 cxd4 26. Qxd4 Bxc2 27. Bxc7
Bg6 28. Bg3 Qa5 29. Qd7 f5 30. gxf5 Re2+ 31. Bf2 Qxf5 32. Qxb7 Qc2 33. Qd5+ Bf7
34. Qd8+ Re8 35. Qd6 Qxb2 36. Qxa6 Qc2 37. a4 Bd5 38. Rh3 Rf8 39. Qd6 Qf5 40.
Qg3 Qf6 41. a5 Qc6 42. Qg5 Bxf3+ 43. Kg1 Qd7 44. Qg3 Qd1+ 45. Be1 Re8 46. Kf1
Qd3+ 47. Kg1 Qc2 48. Rh2 Qd1 49. Kf1 Be2+ 50. Kg2 Bb5 51. a6 Qe2+ 52. Bf2 Qf1+
53. Kf3 Be2+ 54. Kf4 Qc1+ 55. Kf5 Qc8+ 56. Kf4 Qc4+ 57. Kg5 Re5+ 58. Qxe5 Qg4#
{Hossa checkmated} 0-1

[Event "ICS rated blitz match"]
[Site "204.178.125.65"]
[Date "2001.09.07"]
[Round "?"]
[White "Hossa"]
[Black "NDA"]
[Result "0-1"]
[WhiteElo "2502"]
[BlackElo "2533"]
[PlyCount "142"]
[EventDate "2001.??.??"]

1. e4 c6 2. d4 d5 3. e5 Bf5 4. h4 h5 5. c4 e6 6. Nc3 Ne7 7. Nge2 dxc4 8. Ng3
Bg6 9. Bg5 Qb6 10. Qd2 Qb4 11. a3 Qb3 12. Rc1 Nd5 13. Nce4 b5 14. Be2 Nd7 15.
O-O N7b6 16. Nc3 b4 17. axb4 Qxb4 18. f4 Ne7 19. Ra1 a5 20. Bxe7 Bxe7 21. f5
exf5 22. Nxf5 O-O 23. Rf3 Bxf5 24. Rxf5 Rad8 25. Rf4 c5 26. d5 Rxd5 27. Qe3 Rd4
28. Rb1 Bxh4 29. Rff1 Re8 30. Qf3 Re7 31. Qxh5 Nd7 32. Rbd1 g6 33. Qh6 Rxe5 34.
Rxd4 cxd4 35. Bxc4 Qxc4 36. Qxh4 Rh5 37. Qd8+ Kg7 38. Qxd7 dxc3 39. bxc3 Rh1+
40. Kxh1 Qxf1+ 41. Kh2 Qf4+ 42. Kg1 Qc1+ 43. Kf2 Qxc3 44. g4 Qb4 45. Kf3 a4 46.
Qc7 Qb2 47. g5 a3 48. Ke3 a2 49. Qa7 a1=Q 50. Qxa1 Qxa1 51. Kd3 f6 52. Ke4 Qc3
53. Kd5 Qc4+ 54. Kxc4 fxg5 55. Kd4 g4 56. Ke4 Kh6 57. Kf4 Kh5 58. Ke4 Kg5 59.
Ke3 Kf5 60. Kf2 Kf4 61. Ke1 g3 62. Ke2 Ke4 63. Kf1 Kf3 64. Ke1 g2 65. Kd2 Ke4
66. Kc3 g1=Q 67. Kc4 Qd4+ 68. Kb5 Kd5 69. Ka6 Qb2 70. Ka7 Kc6 71. Ka8 Qb7# {
Hossa checkmated} 0-1

[Event "ICS rated blitz match"]
[Site "204.178.125.65"]
[Date "2001.09.07"]
[Round "?"]
[White "chesska"]
[Black "Hossa"]
[Result "0-1"]
[WhiteElo "2301"]
[BlackElo "2487"]
[PlyCount "70"]
[EventDate "2001.??.??"]

1. e4 c5 2. Nf3 d6 3. d4 cxd4 4. Nxd4 Nf6 5. Nc3 a6 6. f4 g6 7. Be3 Ng4 8. Bg1
Bg7 9. Qf3 e5 10. Nde2 exf4 11. Nxf4 Ne5 12. Qg3 Bf6 13. h4 Bg4 14. Nfd5 Nbd7
15. Nxf6+ Nxf6 16. Bd4 O-O 17. Be2 Bxe2 18. Nxe2 Nxe4 19. Qf4 f5 20. Kd1 Rc8
21. Rf1 Qe7 22. a4 Ng4 23. Ra3 Qxh4 24. Rh3 Qe7 25. Rfh1 Rfe8 26. Kc1 Ng5 27.
Nc3 Nxh3 28. gxh3 Ne5 29. Rg1 Qf7 30. h4 Qa2 31. Qxf5 Rxc3 32. bxc3 Qa1+ 33.
Kd2 Qxg1 34. Qg5 Nc4+ 35. Kd3 Qf1# {chesska checkmated} 0-1

[Event "ICS rated blitz match"]
[Site "204.178.125.65"]
[Date "2001.09.07"]
[Round "?"]
[White "Hossa"]
[Black "Polloman"]
[Result "1-0"]
[WhiteElo "2495"]
[BlackElo "2012"]
[PlyCount "77"]
[EventDate "2001.??.??"]

1. e4 e6 2. d4 Nf6 3. e5 Nd5 4. Nf3 d6 5. c4 Nb6 6. exd6 cxd6 7. Bd3 d5 8. c5
N6d7 9. O-O Nc6 10. Nc3 Be7 11. Be3 a6 12. Qa4 O-O 13. Qc2 g6 14. Bh6 Re8 15.
Rfd1 Bf8 16. Qd2 Bxh6 17. Qxh6 Qf6 18. Bc2 Qg7 19. Qf4 Qf6 20. Qe3 b6 21. Nxd5
Qd8 22. Nc3 bxc5 23. dxc5 Qe7 24. Ba4 Bb7 25. Ne4 Red8 26. Nd6 Nf6 27. Qh6 Na5
28. Ne5 Rf8 29. c6 Bc8 30. b4 Nxc6 31. Bxc6 Ra7 32. Nexf7 Rxf7 33. Nxc8 Qc7 34.
Nxa7 Rg7 35. Qd2 Qxa7 36. Qd8+ Kf7 37. Be8+ Kf8 38. Bxg6+ Ne8 39. Qxe8# {
Polloman checkmated} 1-0

[Event "ICS rated blitz match"]
[Site "204.178.125.65"]
[Date "2001.09.07"]
[Round "?"]
[White "scandinav"]
[Black "Hossa"]
[Result "1-0"]
[WhiteElo "2116"]
[BlackElo "2504"]
[PlyCount "219"]
[EventDate "2001.??.??"]

1. e4 c5 2. Nf3 d6 3. Bc4 Nf6 4. d3 e6 5. O-O d5 6. exd5 exd5 7. Bb5+ Bd7 8.
Bxd7+ Qxd7 9. Ne5 Qc8 10. Re1 Be7 11. c4 O-O 12. cxd5 Nxd5 13. Nc3 Nb4 14. a3
N4c6 15. Nd5 Bd8 16. Bf4 Nd4 17. Nf3 Qd7 18. Nxd4 Qxd5 19. Nb5 Qd7 20. Qb3 Nc6
21. Re3 b6 22. Rae1 Na5 23. Qa4 Bf6 24. b4 a6 25. Nc3 Nc6 26. Ne4 Bd4 27. bxc5
Bxe3 28. fxe3 Ne5 29. Qxd7 Nxd7 30. c6 Nc5 31. Nxc5 bxc5 32. Rc1 f6 33. Rxc5 g5
34. Bg3 Rfe8 35. Kf2 h5 36. h4 gxh4 37. Bxh4 Rac8 38. d4 Re4 39. Bg3 Kf7 40. d5
h4 41. Bf4 Rg8 42. Ra5 Rc4 43. Kf3 Rc2 44. Rxa6 Rgxg2 45. Ra7+ Kg6 46. Ra8 Rgd2
47. e4 Rd3+ 48. Kg4 h3 49. Rg8+ Kh7 50. Rb8 Kg6 51. c7 Rg2+ 52. Kh4 h2 53. Rb1
Rc3 54. d6 Rc5 55. Kh3 Rg1 56. Kxh2 Rxb1 57. d7 Rc2+ 58. Kh3 Rc3+ 59. Kg2 Rb2+
60. Kf1 Rcc2 61. Bg3 Rb1+ 62. Be1 Rcc1 63. d8=Q Rxe1+ 64. Kf2 Rf1+ 65. Ke2
Rfe1+ 66. Kf3 Rf1+ 67. Kg3 Rg1+ 68. Kh4 Rh1+ 69. Kg4 Rhg1+ 70. Kf4 Rgf1+ 71.
Ke3 Rfe1+ 72. Kd4 Red1+ 73. Kc5 Rdc1+ 74. Kd6 Rb6+ 75. Kd7 Rb7 76. Qg8+ Kh6 77.
Qb8 Rcb1 78. Qh8+ Kg6 79. Qg8+ Kh6 80. Qg3 Kh5 81. Ke6 R7b6+ 82. Kd5 Rd1+ 83.
Kc5 Rbb1 84. Qh3+ Kg6 85. Qf5+ Kg7 86. Qg4+ Kf7 87. Qh5+ Kg7 88. e5 Rdc1+ 89.
Kd6 f5 90. Qg5+ Kh8 91. Qh6+ Kg8 92. Qe6+ Kg7 93. Qe7+ Kg8 94. e6 Kh8 95. Qf8+
Kh7 96. e7 Rb6+ 97. Kd7 Rd1+ 98. Ke8 Rc6 99. Qxf5+ Kg7 100. Qg4+ Kf6 101. Qxd1
Ke5 102. Qe2+ Kd4 103. Qd2+ Kc4 104. Qc2+ Kd4 105. Qxc6 Ke3 106. c8=Q Kf4 107.
Q8e6 Kg3 108. Qf6 Kh2 109. Qg5 Kh3 110. Qh1# {Hossa checkmated} 1-0

[Event "ICS rated blitz match"]
[Site "204.178.125.65"]
[Date "2001.09.07"]
[Round "?"]
[White "Hossa"]
[Black "libertad"]
[Result "1-0"]
[WhiteElo "2475"]
[BlackElo "2078"]
[PlyCount "143"]
[EventDate "2001.??.??"]

1. e4 e5 2. Nf3 Nc6 3. Nc3 Nf6 4. g3 Bb4 5. Bg2 O-O 6. O-O d6 7. d3 Bg4 8. Be3
Qd7 9. Bg5 Bxc3 10. bxc3 Qe6 11. Qe2 h6 12. Be3 Bh3 13. Nh4 Bxg2 14. Kxg2 Ne7
15. Rab1 b6 16. c4 Rad8 17. c3 Rfe8 18. h3 c6 19. a3 d5 20. cxd5 cxd5 21. Qc2
dxe4 22. dxe4 Qc4 23. f3 Qd3 24. Qc1 Rc8 25. Bxh6 Ng6 26. Nxg6 fxg6 27. Bd2
Red8 28. Rb2 Nh5 29. Qc2 Qc4 30. Rb4 Qd3 31. Qxd3 Rxd3 32. Be1 Rcd8 33. Rb5 Re8
34. a4 Rd1 35. a5 bxa5 36. Rxa5 Re7 37. Bf2 Rxf1 38. Kxf1 Rc7 39. Be1 Re7 40.
Kg2 Nf6 41. Bf2 Rc7 42. Rxe5 Rxc3 43. Bxa7 Rc2+ 44. Bf2 Nd7 45. Rd5 Nf6 46.
Rd8+ Kf7 47. e5 Ne8 48. f4 Rc6 49. Bd4 Re6 50. Rd7+ Kg8 51. Rb7 Rc6 52. Bb6
Rc2+ 53. Kf3 Rc3+ 54. Kg4 Rb3 55. Rb8 Kf7 56. e6+ Kxe6 57. Rxe8+ Kf7 58. Rb8
Rb5 59. Bc7 Rc5 60. Be5 Rc2 61. Rb7+ Ke6 62. Rxg7 Rc4 63. Rxg6+ Kf7 64. Kf5 Rc5
65. g4 Rb5 66. Rg7+ Kf8 67. Rc7 Ra5 68. h4 Ra6 69. Bf6 Ra8 70. Kg6 Kg8 71. Rh7
Kf8 72. Rh8# {libertad checkmated} 1-0

[Event "ICS rated blitz match"]
[Site "204.178.125.65"]
[Date "2001.09.07"]
[Round "?"]
[White "MrHyde"]
[Black "Hossa"]
[Result "0-1"]
[WhiteElo "2088"]
[BlackElo "2478"]
[PlyCount "88"]
[EventDate "2001.??.??"]

1. e4 c5 2. Nc3 Nc6 3. g3 g6 4. Bg2 d6 5. d3 Bg7 6. Be3 e6 7. Qd2 Rb8 8. Nge2
Nge7 9. Bh6 Bxh6 10. Qxh6 Ng8 11. Qg7 Qf6 12. Qxf6 Nxf6 13. O-O b5 14. h3 b4
15. Nd1 Bb7 16. Ne3 Ba6 17. b3 Nd4 18. Nxd4 cxd4 19. Nc4 Bxc4 20. bxc4 Ke7 21.
Rfb1 a5 22. a3 bxa3 23. Rxb8 Rxb8 24. Rxa3 Rb2 25. Rxa5 Rxc2 26. Ra7+ Kf8 27.
Ra6 Ke7 28. Ra7+ Kf8 29. Ra6 Rc1+ 30. Bf1 Ke7 31. Ra7+ Nd7 32. Kg2 Rc2 33. g4
e5 34. Kg3 Ke6 35. g5 Nc5 36. h4 Nxd3 37. Bh3+ f5 38. gxf6+ Kxf6 39. Rxh7 Nxf2
40. Bg2 d3 41. Rc7 d2 42. Bf3 Nxe4+ 43. Kg4 Rc3 44. Be2 Rg3# {MrHyde checkmated
} 0-1

[Event "ICS rated blitz match"]
[Site "204.178.125.65"]
[Date "2001.09.07"]
[Round "?"]
[White "Hossa"]
[Black "MrHyde"]
[Result "1-0"]
[WhiteElo "2481"]
[BlackElo "2085"]
[PlyCount "59"]
[EventDate "2001.??.??"]

1. e4 c5 2. Nf3 e6 3. Qe2 g6 4. Nc3 Bg7 5. e5 a6 6. Ne4 Nc6 7. Nd6+ Kf8 8. d3
Nge7 9. c3 Qb6 10. Bf4 h6 11. g4 g5 12. Bg3 Ng6 13. O-O-O Qa5 14. a3 b5 15. Qe3
b4 16. Nc4 Qb5 17. Bg2 bxc3 18. bxc3 Rb8 19. Kd2 Na5 20. Rb1 Nb3+ 21. Ke1 a5
22. Nfd2 a4 23. Nd6 Qa5 24. Qf3 Nf4 25. Bxf4 gxf4 26. Qxf4 f5 27. exf6 Rh7 28.
fxg7+ Kxg7 29. Qf7+ Kh8 30. Qf8# {MrHyde checkmated} 1-0